000 01403cam a22003614a 4500
001 11824811
003 OSt
005 20260205133022.0
008 260205b |||||||| |||| 00| 0 eng d
020 _a0312231717
020 _a0312231725
020 _a9780312231712
035 _a11824811
040 _aKABLIB
_cKABLIB
_erda
082 _a320.9
_223
_bGIL
100 1 _aGill, Graeme J.
_915341
245 1 4 _aThe dynamics of democratization :
_belites, civil society, and the transition process /
_cGraeme Gill.
260 _aNew York :
_bSt. Martin's Press,
_c2000.
300 _avii, 287 p. ;
_c23 cm.
336 _atext
_btxt
_2rdacontent
337 _aunmediated
_bn
_2rdamedia
338 _avolume
_bnc
_2rdacarrier
504 _aIncludes bibliography, index.
650 0 _aDemocratization
650 0 _aDemocracy
650 0 _aCivil society
856 4 2 _3Contributor biographical information
_uhttp://www.loc.gov/catdir/bios/hol057/99056425.html
856 4 2 _3Publisher description
_uhttp://www.loc.gov/catdir/description/hol057/99056425.html
856 4 1 _3Table of contents
_uhttp://www.loc.gov/catdir/toc/hol053/99056425.html
942 _2ddc
_cBOOK
999 _c6056
_d6056